Estudio y simulación de las modulaciones digitales

Na minha lista:
Detalhes bibliográficos
Principais autores: Pérez Marín, Manuel (Autor), Gómez Pulido, José Manuel (Autor), Gutiérrez Carmelo Alonso (Autor)
Formato: Livro
Idioma:espanhol
Publicado em: Alcalá de Henares Universidad de Alcalá 2002
Assuntos:
Tags: Adicionar Tag
Sem tags, seja o primeiro a adicionar uma tag!

MARC

LEADER 00000nam a2200000 a 4500
001 UCK7692
003 CL-VaPUC
008 051202e20020000sp |||||||||||||||||spa|d
020 |a 848138139X 
082 0 4 |a 621.382  |b PER  |2 21 
100 0 |a Pérez Marín, Manuel  |e author  |9 497240 
700 0 |a Gómez Pulido, José Manuel  |e author  |9 497241 
700 0 |a Gutiérrez Carmelo Alonso  |e author  |9 497242 
245 1 0 |a Estudio y simulación de las modulaciones digitales 
300 |a 97 p 
942 |c BK 
945 |d 20051202 00:00:00  |a jtorresc 
260 |a Alcalá de Henares  |b Universidad de Alcalá  |c 2002 
650 0 |a Sistemas de comunicación   |9 260934 
650 7 |a MODULACION DIGITAL  |2 CL-VaPUC  |9 432752 
650 0 |a Telecomunicaciones   |9 257195 
650 7 |a SISTEMA DE COMUNICACION  |2 CL-VaPUC  |9 497243 
650 7 |a TRANSMICION DIGITAL  |2 CL-VaPUC  |9 497244 
583 |a last modification  |c 20171220 02:01:12  |k Rodrigo Vera 
999 |c 315543  |d 315541 
952 |0 0  |1 0  |4 0  |6 621_382000000000000_PER_2002  |7 0  |8 A  |9 388888  |a BIBING  |b BIBING  |d 2019-11-22  |i 4188802  |o 621.382 PER 2002  |p 4188802  |r 2025-01-20  |w 2019-11-22  |y BK  |k EIE